| 000 | 00452nam a2200169Ia 4500 | ||
|---|---|---|---|
| 005 | 20240515030547.0 | ||
| 008 | 240331s9999 xx 000 0 und d | ||
| 020 | _a9559620118 | ||
| 082 |
_bPAR _a333 |
||
| 100 | _aParanavitana, K.D | ||
| 245 | 0 |
_aLand for money : _bDutch land registration in Sri Lanka |
|
| 260 |
_aColombo _bNational Library of Sri Lanka _c2001 |
||
| 300 | _axiii, 164 p ., | ||
| 650 | _aPolitical | ||
| 650 | _aSocial | ||
| 942 | _cL | ||
| 999 |
_c2740 _d2740 |
||